International rice research institute: Annual report 1969 (Record no. 21914)

MARC details
000 -LEADER
fixed length control field 00302nam a2200109Ia 4500
082 ## - DEWEY DECIMAL CLASSIFICATION NUMBER
Classification number 061.6(047)
Item number INT
245 #0 - TITLE STATEMENT
Title International rice research institute: Annual report 1969
260 ## - PUBLICATION, DISTRIBUTION, ETC. (IMPRINT)
Place of publication Philippine
Name of publisher IRRI
Year of publication 1970
650 ## - SUBJECT ADDED ENTRY--TOPICAL TERM
Topical Term Annual report
942 ## - ADDED ENTRY ELEMENTS (KOHA)
Koha item type Books
Holdings
Withdrawn status Lost status Damaged status Not for loan Home library Current library Date acquired Source of acquisition Full call number Accession Number Koha item type
        RRII Library RRII Library 16/12/2021 Auction 061.6(047) INT 02631 Books